| 000 | 00891nam a2200265 i 4500 | ||
|---|---|---|---|
| 003 | DO-SdBNP | ||
| 005 | 20240527103708.0 | ||
| 006 | a||||dr|||| 00| 0 | ||
| 007 | ta | ||
| 008 | 240503e2022 dr a|||| |||| 00| 0 spa d | ||
| 020 | _a9789945180800 | ||
| 040 |
_aDO-SdBNP _bspa _cBNPHU _erda |
||
| 082 | 4 |
_222 _bR789ca |
|
| 100 | 1 |
_aRosario, Fe María _918958 _eautora |
|
| 245 | 1 | 0 |
_aCarrusel del saber 2do. ciclo: _bnivel inicial kinder-preprimario, trabajo en casa / _cFe María Rosario. |
| 264 | 1 |
_alugar de publicación no identificado] : _b[Editora no identificada], _c2022 |
|
| 300 |
_a298 páginas : _bilustraciones ; _c28 cm. |
||
| 336 |
_2rdacontent _atexto _btxt |
||
| 337 |
_2rdamedia _asin mediación _bn |
||
| 338 |
_2rdacarrier _avolumen _bnc |
||
| 500 | _a (4-6 año) kinder-preprimario, Segundo Ciclo. | ||
| 590 | _aInventariado 2024 / DG | ||
| 910 | _aDG | ||
| 942 |
_2ddc _cLBS1 |
||
| 999 |
_c56754 _d56754 |
||